[Event "DVM U20 2003"]
[Site "Ditzingen GER"]
[Date "2003.12.30"]
[Round "7"]
[White "Balcerak, Philipp"]
[Black "Friedel, Marcus"]
[Result "1-0"]
[Termination "normal"]
[Board "3.2"]
[WhiteElo "2188"]
[BlackElo "2089"]
[WhiteTeam "SG Porz"]
[BlackTeam "SK Ettlingen"]
[PlyCount "59"]
[WhiteFideId "4655036"]
[BlackFideId "4688708"]
[EventCountry "GER"]
[EventRounds "7"]
[EventType "team-swiss"]
[EventDate "2003.12.26"]

1. d4 d5 2. c4 c6 3. Nc3 Nf6 4. Nf3 e6 5. e3 Nbd7 6. Bd3 dxc4 7. Bxc4 b5 8. Bd3
Bb7 9. O-O a6 10. Qe2 c5 11. Rd1 Qb6 12. Bc2 Rb8 13. a4 Bc6 14. axb5 axb5 15.
e4 cxd4 16. Nxd4 Bc5 17. Nxc6 Qxc6 18. e5 Nd5 19. Ne4 Be7 20. Bb3 O-O 21. Bxd5
exd5 22. Nc3 d4 23. Rxd4 Bc5 24. Rd1 Rfe8 25. Bf4 Rb7 26. Ne4 Bf8 27. Rac1 Qg6
28. Qf3 Ra7 29. Nd6 Rb8 30. Rc6 1-0

[Event "DVM U20 2003"]
[Site "Ditzingen GER"]
[Date "2003.12.30"]
[Round "7"]
[White "Ehrenfried, Stefan"]
[Black "Thalwitzer, David"]
[Result "0-1"]
[Termination "normal"]
[Board "3.3"]
[WhiteElo "2136"]
[BlackElo "2128"]
[WhiteTeam "SK Ettlingen"]
[BlackTeam "SG Porz"]
[PlyCount "78"]
[WhiteFideId "4687515"]
[BlackFideId "4663233"]
[EventCountry "GER"]
[EventRounds "7"]
[EventType "team-swiss"]
[EventDate "2003.12.26"]

1. e4 c5 2. Nc3 g6 3. f4 Bg7 4. Nf3 d6 5. Bb5+ Bd7 6. Bxd7+ Qxd7 7. d3 Nc6 8.
O-O e6 9. Qe1 Nge7 10. Kh1 Nd4 11. Qf2 Nec6 12. Nd1 Nxf3 13. Qxf3 O-O-O 14. c3
Kb8 15. Ne3 f5 16. exf5 gxf5 17. Nc2 Bf6 18. Be3 Rhg8 19. Rad1 Rg4 20. Rd2 Rdg8
21. Rff2 Ne7 22. d4 c4 23. Rd1 Nd5 24. Re1 Qg7 25. Rg1 Be7 26. Na3 Nf6 27. Re2
Ne4 28. Bf2 Qh6 29. Rxe4 fxe4 30. Qxe4 Qxf4 31. Qxf4 Rxf4 32. Bg3 Rf5 33. Re1
b5 34. Kg1 Rg6 35. Nc2 Kb7 36. Re2 Kc8 37. Ne1 Kd7 38. Nf3 h5 39. Re4 Rxf3 0-1

[Event "DVM U20 2003"]
[Site "Ditzingen GER"]
[Date "2003.12.30"]
[Round "7"]
[White "Ostrowski, David"]
[Black "Schlippe, Axel"]
[Result "0-1"]
[Termination "normal"]
[Board "3.4"]
[WhiteElo "1806"]
[BlackElo "1994"]
[WhiteTeam "SG Porz"]
[BlackTeam "SK Ettlingen"]
[PlyCount "82"]
[BlackFideId "4683030"]
[EventCountry "GER"]
[EventRounds "7"]
[EventType "team-swiss"]
[EventDate "2003.12.26"]

1. e4 e6 2. d4 d5 3. Nc3 Nf6 4. Bg5 Be7 5. e5 Nfd7 6. Bxe7 Qxe7 7. Nf3 O-O 8.
Be2 c5 9. dxc5 Nc6 10. Bb5 Ndxe5 11. Nxe5 Nxe5 12. Qe2 Nc6 13. Bxc6 bxc6 14.
Na4 Qg5 15. O-O e5 16. Rfe1 e4 17. Qe3 Qh5 18. c4 f5 19. cxd5 cxd5 20. Qe2 Qg5
21. Rad1 f4 22. Qd2 Bb7 23. b4 Qg4 24. h3 Qg6 25. Kh2 f3 26. Rg1 Qh5 27. b5
Rfd8 28. Qd4 Bc8 29. g4 Qh4 30. Rg3 Be6 31. c6 Rf8 32. Nc5 Bf7 33. a4 Qd8 34.
Qc3 Qb6 35. Qb4 Be8 36. a5 Qb8 37. Rxd5 e3 38. Ne6 Bxc6 39. Qxf8+ Qxf8 40. Nxf8
Bxd5 41. fxe3 f2 0-1

[Event "DVM U20 2003"]
[Site "Ditzingen GER"]
[Date "2003.12.30"]
[Round "7"]
[White "Fucik, Timo"]
[Black "Pilgram, Alexander"]
[Result "1-0"]
[Termination "normal"]
[Board "3.5"]
[WhiteElo "1831"]
[BlackElo "1785"]
[WhiteTeam "SK Ettlingen"]
[BlackTeam "SG Porz"]
[PlyCount "111"]
[EventCountry "GER"]
[EventRounds "7"]
[EventType "team-swiss"]
[EventDate "2003.12.26"]

1. d4 d5 2. c4 c6 3. Nc3 Nf6 4. Nf3 dxc4 5. a4 Bf5 6. e3 a5 7. Bxc4 e6 8. O-O
Bb4 9. Bd2 O-O 10. Ne2 Qe7 11. Ng3 Bg6 12. Ne5 Rd8 13. Nxg6 hxg6 14. Bxb4 Qxb4
15. Qe2 Qb6 16. Ra3 Na6 17. Rd3 Nb4 18. Rd2 Rd7 19. Rfd1 Rad8 20. Qf3 Kf8 21.
Ne4 Nxe4 22. Qxe4 Nd5 23. Qh4 Kg8 24. Rd3 Nb4 25. Rb3 c5 26. e4 Rxd4 27. Rxd4
Rxd4 28. Rh3 Kf8 29. Bf1 Qd8 30. Qh8+ Ke7 31. Qxg7 Nc6 32. e5 Qf8 33. Qf6+ Kd7
34. Rh7 Nxe5 35. Qxe5 Kc6 36. Rh8 Qe7 37. Rc8+ Kb6 38. Qe2 Rb4 39. Rb8 Qd6 40.
Qa6+ Kc7 41. Qxd6+ Kxd6 42. g3 Rxb2 43. Bb5 Kc7 44. Rf8 Kb6 45. Rxf7 Rxb5 46.
axb5 a4 47. Kf1 a3 48. Rf3 Kxb5 49. Rxa3 Kb4 50. Re3 c4 51. Ke1 c3 52. Kd1 Kb3
53. Kc1 b5 54. h4 b4 55. g4 Kc4 56. h5 1-0

[Event "DVM U20 2003"]
[Site "Ditzingen GER"]
[Date "2003.12.30"]
[Round "7"]
[White "Rudnik, Kirill"]
[Black "Mader, Michael"]
[Result "1/2-1/2"]
[Termination "normal"]
[Board "3.6"]
[WhiteElo "1762"]
[BlackElo "2079"]
[WhiteTeam "SG Porz"]
[BlackTeam "SK Ettlingen"]
[PlyCount "62"]
[BlackFideId "4696913"]
[EventCountry "GER"]
[EventRounds "7"]
[EventType "team-swiss"]
[EventDate "2003.12.26"]

1. e4 e5 2. Nf3 Nc6 3. Bb5 a6 4. Ba4 Nf6 5. Qe2 Bc5 6. c3 b5 7. Bc2 O-O 8. d3
h6 9. Nbd2 d5 10. O-O Re8 11. h3 Bb6 12. Rd1 Qe7 13. Nf1 Be6 14. Ng3 dxe4 15.
dxe4 Rad8 16. Be3 Bc4 17. Qe1 Rxd1 18. Bxd1 Bxe3 19. Qxe3 Rd8 20. Bc2 Be6 21.
Nf5 Bxf5 22. exf5 Kf8 23. Re1 Nd7 24. b4 Re8 25. Qe4 Qf6 26. a4 Ncb8 27. axb5
axb5 28. c4 bxc4 29. Qxc4 c6 30. Re3 Qd6 31. Bb3 Re7 1/2-1/2

[Event "DVM U20 2003"]
[Site "Ditzingen GER"]
[Date "2003.12.30"]
[Round "7"]
[White "Häcker, Alexander"]
[Black "Buckan, Jens"]
[Result "1/2-1/2"]
[Termination "normal"]
[Board "4.1"]
[WhiteElo "2245"]
[BlackElo "2107"]
[WhiteTeam "SV Wolfbusch"]
[BlackTeam "SV Empor Erfurt"]
[PlyCount "27"]
[WhiteFideId "4678214"]
[BlackFideId "4684508"]
[EventCountry "GER"]
[EventRounds "7"]
[EventType "team-swiss"]
[EventDate "2003.12.26"]

1. e4 c5 2. Nf3 d6 3. d4 cxd4 4. Nxd4 Nf6 5. Nc3 a6 6. Be2 e6 7. O-O Qc7 8. a4
b6 9. f4 Bb7 10. Bf3 Nbd7 11. Qe2 Rc8 12. e5 dxe5 13. Bxb7 Qxb7 14. fxe5
1/2-1/2

[Event "DVM U20 2003"]
[Site "Ditzingen GER"]
[Date "2003.12.30"]
[Round "7"]
[White "Gehlhaar, Christian"]
[Black "Mijatovic, Vladimir"]
[Result "1/2-1/2"]
[Termination "normal"]
[Board "4.2"]
[WhiteElo "2119"]
[BlackElo "2126"]
[WhiteTeam "SV Empor Erfurt"]
[BlackTeam "SV Wolfbusch"]
[PlyCount "45"]
[WhiteFideId "4663888"]
[BlackFideId "934062"]
[EventCountry "GER"]
[EventRounds "7"]
[EventType "team-swiss"]
[EventDate "2003.12.26"]

1. e4 c5 2. Nf3 d6 3. Bb5+ Nd7 4. c4 Ngf6 5. Nc3 g6 6. O-O Bg7 7. d4 cxd4 8.
Nxd4 O-O 9. Bxd7 Bxd7 10. b3 a6 11. a4 Bc6 12. f3 Nd7 13. Be3 Rb8 14. Rc1 Nc5
15. b4 Ne6 16. Nxe6 fxe6 17. Qb3 Bd7 18. c5 Rc8 19. Ne2 Qe8 20. Rfd1 Bxa4 21.
Qxe6+ Qf7 22. Qxf7+ Kxf7 23. Rd2 1/2-1/2

[Event "DVM U20 2003"]
[Site "Ditzingen GER"]
[Date "2003.12.30"]
[Round "7"]
[White "Häcker, Sonja"]
[Black "Michalowski, Peter"]
[Result "1-0"]
[Termination "normal"]
[Board "4.3"]
[WhiteElo "2028"]
[BlackElo "1787"]
[WhiteTeam "SV Wolfbusch"]
[BlackTeam "SV Empor Erfurt"]
[PlyCount "37"]
[WhiteFideId "4680928"]
[BlackFideId "24609978"]
[EventCountry "GER"]
[EventRounds "7"]
[EventType "team-swiss"]
[EventDate "2003.12.26"]

1. e4 c5 2. Nc3 Nc6 3. f4 e6 4. Nf3 d6 5. g3 g6 6. Bg2 Bg7 7. d3 Nge7 8. O-O
O-O 9. Be3 b6 10. Bf2 d5 11. exd5 exd5 12. d4 c4 13. Ne5 Be6 14. Qf3 Rc8 15.
Rae1 a6 16. g4 f6 17. Nxg6 Nxg6 18. Rxe6 Qd7 19. f5 1-0

[Event "DVM U20 2003"]
[Site "Ditzingen GER"]
[Date "2003.12.30"]
[Round "7"]
[White "Strauch, Martin"]
[Black "Niethammer, Christoph"]
[Result "0-1"]
[Termination "normal"]
[Board "4.4"]
[WhiteElo "1670"]
[BlackElo "1982"]
[WhiteTeam "SV Empor Erfurt"]
[BlackTeam "SV Wolfbusch"]
[PlyCount "80"]
[BlackFideId "4694325"]
[EventCountry "GER"]
[EventRounds "7"]
[EventType "team-swiss"]
[EventDate "2003.12.26"]

1. e4 e5 2. Nf3 Nc6 3. Bb5 a6 4. Ba4 Nf6 5. O-O Be7 6. Qe2 b5 7. Bb3 O-O 8. c3
d6 9. d4 Bg4 10. Rd1 Qb8 11. Be3 Na5 12. Nbd2 Nxb3 13. axb3 c5 14. d5 Rc8 15.
Ra2 a5 16. Rda1 a4 17. bxa4 bxa4 18. b3 axb3 19. Rxa8 b2 20. R1a2 b1=Q+ 21.
Nxb1 Qxb1+ 22. Qf1 Qxe4 23. c4 Rf8 24. Nd2 Qg6 25. f3 Bf5 26. R8a7 Re8 27. Qf2
h5 28. Rb2 Bc8 29. Rb8 Nd7 30. Rb2 f5 31. Qg3 Qf6 32. Qh3 f4 33. Bf2 e4 34.
Rba2 e3 35. Ne4 Qd4 36. Be1 e2+ 37. Kh1 Qd1 38. Ra1 Nf6 39. Nxf6+ Bxf6 40. Qxh5
Rf8 0-1

[Event "DVM U20 2003"]
[Site "Ditzingen GER"]
[Date "2003.12.30"]
[Round "7"]
[White "Naß, Walter Robert"]
[Black "Schoel, Tobias"]
[Result "0-1"]
[Termination "normal"]
[Board "4.5"]
[WhiteElo "1844"]
[BlackElo "1693"]
[WhiteTeam "SV Wolfbusch"]
[BlackTeam "SV Empor Erfurt"]
[PlyCount "68"]
[WhiteFideId "24607215"]
[EventCountry "GER"]
[EventRounds "7"]
[EventType "team-swiss"]
[EventDate "2003.12.26"]

1. e4 c5 2. Nf3 d6 3. d4 cxd4 4. Nxd4 Nf6 5. Nc3 a6 6. Be2 e5 7. Nb3 Be6 8. O-O
Be7 9. f4 g6 10. a4 Qc7 11. Kh1 Nbd7 12. a5 b5 13. axb6 Qxb6 14. Nd5 Bxd5 15.
exd5 Qb7 16. c4 e4 17. Nd4 Nc5 18. Qc2 Nfd7 19. Bd2 f5 20. b4 Bf6 21. Bc3 O-O
22. bxc5 Nxc5 23. Rfb1 Qg7 24. Qd2 e3 25. Qxe3 Rfe8 26. Qg1 Ne4 27. Bb2 Qh6 28.
g3 Nd2 29. Rd1 Bxd4 30. Bxd4 Rxe2 31. Bf2 Qh5 32. Ra3 Nxc4 33. Rc3 Rxf2 34.
Rxc4 Qf3+ 0-1

[Event "DVM U20 2003"]
[Site "Ditzingen GER"]
[Date "2003.12.30"]
[Round "7"]
[White "Sabelfeld, Nastja"]
[Black "Willems, Sebastian"]
[Result "0-1"]
[Termination "normal"]
[Board "4.6"]
[WhiteElo "1565"]
[BlackElo "1500"]
[WhiteTeam "SV Empor Erfurt"]
[BlackTeam "SV Wolfbusch"]
[PlyCount "101"]
[EventCountry "GER"]
[EventRounds "7"]
[EventType "team-swiss"]
[EventDate "2003.12.26"]

1. e4 d5 2. exd5 Nf6 3. Nf3 Nxd5 4. d4 Bg4 5. Be2 g6 6. O-O Bg7 7. c3 c6 8. h3
Bf5 9. Bg5 h6 10. Bh4 O-O 11. Nbd2 Nd7 12. Re1 Re8 13. a4 g5 14. Bg3 N7f6 15.
Nc4 Nh5 16. Bh2 Nhf4 17. Qb3 Qc8 18. h4 Bf6 19. hxg5 hxg5 20. Bxf4 Nxf4 21.
Nfe5 Kg7 22. g3 Nh3+ 23. Kg2 Be6 24. Qd1 Rh8 25. Rh1 Bxe5 26. Nxe5 f6 27. Ng4
Bd5+ 28. f3 Qxg4 29. Qd2 Qf5 30. Qe3 Kf7 31. Bd3 Qe6 32. Qxe6+ Bxe6 33. Rae1 g4
34. f4 Bd5+ 35. Be4 f5 36. Bxd5+ cxd5 37. Re5 e6 38. Rc1 Rac8 39. a5 Rc6 40. b3
Rhc8 41. Re3 b5 42. b4 Rc4 43. Kf1 R8c6 44. Ke1 Rxb4 45. cxb4 Rxc1+ 46. Kd2 Rc4
47. Rc3 Rxd4+ 48. Kc2 Rc4 49. Kd3 Nf2+ 50. Kc2 Rxc3+ 51. Kxc3 0-1

[Event "DVM U20 2003"]
[Site "Ditzingen GER"]
[Date "2003.12.30"]
[Round "7"]
[White "Koch, Moritz"]
[Black "Hörr, Matthias"]
[Result "0-1"]
[Termination "normal"]
[Board "5.1"]
[WhiteElo "2230"]
[BlackElo "2055"]
[WhiteTeam "SV Puschendorf"]
[BlackTeam "SK König Plauen"]
[PlyCount "54"]
[WhiteFideId "4678460"]
[BlackFideId "4681398"]
[EventCountry "GER"]
[EventRounds "7"]
[EventType "team-swiss"]
[EventDate "2003.12.26"]

1. e4 d6 2. Nc3 g6 3. d4 Nf6 4. Bg5 c6 5. Qd2 Nbd7 6. f4 b5 7. Bd3 a6 8. e5 b4
9. Nce2 dxe5 10. dxe5 Nd5 11. Nf3 Bg7 12. Ned4 Qb6 13. Bc4 e6 14. O-O-O a5 15.
g4 a4 16. Bxd5 cxd5 17. Rhe1 Ba6 18. f5 Nc5 19. Qe3 Ne4 20. a3 Bf8 21. axb4
Bxb4 22. Bf6 a3 23. Nb3 axb2+ 24. Kxb2 Bc3+ 25. Kb1 Qb4 26. Rd4 Bc4 27. Kc1
Bxb3 0-1

[Event "DVM U20 2003"]
[Site "Ditzingen GER"]
[Date "2003.12.30"]
[Round "7"]
[White "Engelhardt, Etienne"]
[Black "Lauer, Moritz"]
[Result "0-1"]
[Termination "normal"]
[Board "5.2"]
[WhiteElo "1832"]
[BlackElo "2191"]
[WhiteTeam "SK König Plauen"]
[BlackTeam "SV Puschendorf"]
[PlyCount "78"]
[WhiteFideId "4687213"]
[BlackFideId "4678354"]
[EventCountry "GER"]
[EventRounds "7"]
[EventType "team-swiss"]
[EventDate "2003.12.26"]

1. e4 d5 2. exd5 Nf6 3. d4 Nxd5 4. Nf3 g6 5. c4 Nb6 6. Be2 Bg7 7. O-O O-O 8.
Nc3 Nc6 9. d5 Ne5 10. Nxe5 Bxe5 11. Bh6 Re8 12. Bg5 Nd7 13. Re1 Nc5 14. Rc1 a5
15. Bg4 Bxg4 16. Qxg4 Nd3 17. Rxe5 Nxe5 18. Qe4 f6 19. f4 Nf7 20. Bh4 Qd7 21.
Re1 Nd6 22. Qe2 c6 23. Rd1 Nf5 24. Bf2 Rac8 25. b3 Ng7 26. dxc6 Qxc6 27. Nd5
Qe6 28. Qf3 Qf7 29. Bd4 Nf5 30. Bb2 Qe6 31. Qf2 h5 32. Bc3 b5 33. Bxa5 bxc4 34.
bxc4 Qa6 35. Bb4 Qxc4 36. Bxe7 Qxd5 37. Rxd5 Rc1+ 38. Qf1 Rxf1+ 39. Kxf1 Ne3+
0-1

[Event "DVM U20 2003"]
[Site "Ditzingen GER"]
[Date "2003.12.30"]
[Round "7"]
[White "Lowitz, Torsten"]
[Black "Pfeufer, Lion"]
[Result "1/2-1/2"]
[Termination "normal"]
[Board "5.3"]
[WhiteElo "2134"]
[BlackElo "2015"]
[WhiteTeam "SV Puschendorf"]
[BlackTeam "SK König Plauen"]
[PlyCount "63"]
[WhiteFideId "4681924"]
[BlackFideId "4681444"]
[EventCountry "GER"]
[EventRounds "7"]
[EventType "team-swiss"]
[EventDate "2003.12.26"]

1. e4 c5 2. Nf3 Nc6 3. Bb5 d6 4. Bxc6+ bxc6 5. O-O e5 6. h3 Ne7 7. c3 Ng6 8. d4
cxd4 9. cxd4 Be7 10. Nc3 O-O 11. Qe2 Rb8 12. Rd1 Qa5 13. Be3 Ba6 14. Qd2 Qb4
15. b3 Rb7 16. Rac1 f6 17. Ne1 Rd8 18. Nc2 Qa5 19. Nd5 Qxd2 20. Nxe7+ Nxe7 21.
Rxd2 d5 22. f3 Kf7 23. Kf2 Ke6 24. Ne1 Rbd7 25. Nc2 Rb8 26. h4 h5 27. Ne1 Rbd8
28. Nc2 Rb8 29. g3 Bb5 30. Ne1 Rbd8 31. Nc2 Rb8 32. Ne1 1/2-1/2

[Event "DVM U20 2003"]
[Site "Ditzingen GER"]
[Date "2003.12.30"]
[Round "7"]
[White "Butzke, Daniel"]
[Black "Moyles-Johnson, Yannick"]
[Result "1-0"]
[Termination "normal"]
[Board "5.4"]
[WhiteElo "1965"]
[BlackElo "1587"]
[WhiteTeam "SK König Plauen"]
[BlackTeam "SV Puschendorf"]
[PlyCount "87"]
[WhiteFideId "4690028"]
[EventCountry "GER"]
[EventRounds "7"]
[EventType "team-swiss"]
[EventDate "2003.12.26"]

1. e4 c5 2. Nf3 e6 3. d4 cxd4 4. Nxd4 Nc6 5. Nxc6 bxc6 6. Bd3 Qc7 7. O-O d5 8.
c4 Nf6 9. Nc3 d4 10. Ne2 c5 11. f4 Bb7 12. Ng3 a5 13. Bd2 Be7 14. Rb1 O-O 15.
e5 Nd7 16. Qh5 f5 17. Rbe1 Qc6 18. Rf2 g6 19. Qd1 Bh4 20. Be2 Qb6 21. Bc1 Nb8
22. Bf3 Bxf3 23. Rxf3 Nc6 24. Rb3 Qc7 25. Rf1 Bxg3 26. hxg3 Rab8 27. Rff3 h5
28. Bd2 Rfc8 29. Rxb8 Rxb8 30. Rb3 Rxb3 31. Qxb3 Kf7 32. Qb5 Nxe5 33. fxe5 Qxe5
34. Bf4 Qe1+ 35. Kh2 d3 36. Qd7+ Kf6 37. Qxd3 Qe4 38. Qxe4 fxe4 39. Bc7 a4 40.
Bd6 e3 41. Bxc5 e2 42. Bb4 Ke5 43. Kg1 Kd4 44. b3 1-0

[Event "DVM U20 2003"]
[Site "Ditzingen GER"]
[Date "2003.12.30"]
[Round "7"]
[White "Lingl, Xenia"]
[Black "Hörr, Christian"]
[Result "0-1"]
[Termination "normal"]
[Board "5.5"]
[WhiteElo "1144"]
[BlackElo "1779"]
[WhiteTeam "SV Puschendorf"]
[BlackTeam "SK König Plauen"]
[PlyCount "82"]
[EventCountry "GER"]
[EventRounds "7"]
[EventType "team-swiss"]
[EventDate "2003.12.26"]

1. e4 d6 2. Nc3 Nf6 3. g3 g6 4. Bg2 Bg7 5. Nf3 c5 6. h3 Nc6 7. O-O O-O 8. Nh2
e6 9. f4 d5 10. e5 Nd7 11. d3 a6 12. Nf3 b5 13. g4 Qb6 14. Kh2 Bb7 15. h4 Ne7
16. h5 h6 17. Bh3 Kh7 18. Rg1 b4 19. Ne2 d4 20. Qf1 g5 21. fxg5 Nxe5 22. Nxe5
Bxe5+ 23. Bf4 Bxf4+ 24. Nxf4 hxg5 25. Ng2 Nd5 26. Re1 Qd6+ 27. Kh1 Qg3 28. Ne3
Nxe3+ 29. Rg2 Qxh3+ 30. Kg1 Nxf1 31. Ree2 Bxg2 32. Rxg2 Ne3 33. Rf2 Qxg4+ 34.
Kh1 Qd1+ 35. Kh2 Ng4+ 36. Kg2 Nxf2 37. Kxf2 g4 38. Kg2 Qf3+ 39. Kg1 g3 40. a3
Qf2+ 41. Kh1 Qh2# 0-1

[Event "DVM U20 2003"]
[Site "Ditzingen GER"]
[Date "2003.12.30"]
[Round "7"]
[White "Franz, Tobias"]
[Black "Kittler, Alexander"]
[Result "1-0"]
[Termination "normal"]
[Board "5.6"]
[WhiteElo "1714"]
[BlackElo "972"]
[WhiteTeam "SK König Plauen"]
[BlackTeam "SV Puschendorf"]
[PlyCount "49"]
[BlackFideId "24669954"]
[EventCountry "GER"]
[EventRounds "7"]
[EventType "team-swiss"]
[EventDate "2003.12.26"]

1. e4 e5 2. Nf3 Nc6 3. d4 exd4 4. Bc4 Be7 5. c3 Nf6 6. e5 Ne4 7. Qe2 Ng5 8.
Nxd4 O-O 9. O-O Re8 10. Kh1 Nxd4 11. cxd4 d5 12. Bd3 Be6 13. f4 Ne4 14. f5 Bd7
15. Bxe4 dxe4 16. Qxe4 Bc6 17. Qg4 Kh8 18. Nc3 Rg8 19. Be3 Bd5 20. Nxd5 Qxd5
21. Rf3 Qc6 22. Rh3 h6 23. f6 Bxf6 24. Bxh6 g6 25. Bf8+ 1-0

[Event "DVM U20 2003"]
[Site "Ditzingen GER"]
[Date "2003.12.30"]
[Round "7"]
[White "Behm, Simon"]
[Black "Wilke, Matthias"]
[Result "1/2-1/2"]
[Termination "normal"]
[Board "6.2"]
[WhiteElo "2045"]
[BlackElo "2033"]
[WhiteTeam "TSF Ditzingen"]
[BlackTeam "SF Hettstedt"]
[PlyCount "44"]
[WhiteFideId "4691962"]
[EventCountry "GER"]
[EventRounds "7"]
[EventType "team-swiss"]
[EventDate "2003.12.26"]

1. d4 d5 2. c4 e6 3. Nc3 Nf6 4. Nf3 Nbd7 5. Bf4 c6 6. e3 Be7 7. h3 O-O 8. Qc2
Re8 9. Rd1 Nf8 10. Bd3 dxc4 11. Bxc4 Nd5 12. Bh2 Nxc3 13. Qxc3 b5 14. Bd3 Qb6
15. O-O Bb7 16. b4 a5 17. a3 axb4 18. axb4 Nd7 19. Ne5 Nxe5 20. Bxe5 g6 21. Bc2
Ra6 22. Rb1 Rea8 1/2-1/2

[Event "DVM U20 2003"]
[Site "Ditzingen GER"]
[Date "2003.12.30"]
[Round "7"]
[White "Schalk, Martin"]
[Black "Reinhold, Dirk"]
[Result "1/2-1/2"]
[Termination "normal"]
[Board "6.3"]
[WhiteElo "1982"]
[BlackElo "2018"]
[WhiteTeam "SF Hettstedt"]
[BlackTeam "TSF Ditzingen"]
[PlyCount "63"]
[BlackFideId "4685849"]
[EventCountry "GER"]
[EventRounds "7"]
[EventType "team-swiss"]
[EventDate "2003.12.26"]

1. e4 c5 2. Nc3 e6 3. Nf3 a6 4. d4 cxd4 5. Nxd4 Qc7 6. a3 Nf6 7. Be3 d6 8. Be2
Be7 9. O-O O-O 10. f4 b5 11. Bf3 Bb7 12. Kh1 Nbd7 13. Qe1 Rfd8 14. Rd1 Rab8 15.
g4 Nc5 16. Bc1 Ba8 17. g5 Nfd7 18. Bg2 Na4 19. Nxa4 bxa4 20. Rf2 Nc5 21. Re2
Rd7 22. Qg3 Rbd8 23. f5 e5 24. f6 exd4 25. fxe7 Rxe7 26. Rxd4 Rde8 27. Qxd6
Qxd6 28. Rxd6 Nxe4 29. Bxe4 Rxe4 30. Rxe4 Bxe4+ 31. Kg1 Bxc2 32. Rxa6 1/2-1/2

[Event "DVM U20 2003"]
[Site "Ditzingen GER"]
[Date "2003.12.30"]
[Round "7"]
[White "Scheerer, Kim"]
[Black "Krege, Sandra"]
[Result "0-1"]
[Termination "normal"]
[Board "6.4"]
[WhiteElo "1389"]
[BlackElo "1916"]
[WhiteTeam "TSF Ditzingen"]
[BlackTeam "SF Hettstedt"]
[PlyCount "82"]
[BlackFideId "4680910"]
[EventCountry "GER"]
[EventRounds "7"]
[EventType "team-swiss"]
[EventDate "2003.12.26"]

1. e4 c5 2. Nf3 Nc6 3. d4 cxd4 4. Nxd4 Nf6 5. Nc3 e6 6. Bb5 Bb4 7. Nxc6 bxc6 8.
Bd3 O-O 9. Bg5 Be7 10. O-O e5 11. f4 d6 12. h3 Qb6+ 13. Kh1 Qxb2 14. Qe1 Qb7
15. fxe5 dxe5 16. Qg3 Nh5 17. Qh4 Nf4 18. Bxe7 Ng6 19. Qg5 Qxe7 20. Qxe7 Nxe7
21. Kh2 Be6 22. a3 c5 23. Rab1 Rab8 24. Na4 c4 25. Be2 Rbc8 26. c3 Rc7 27. Rb5
f6 28. Rfb1 Rfc8 29. Rb8 Kf7 30. Rxc8 Nxc8 31. Kg3 Nd6 32. Kf3 Bd7 33. Nb2 Rc5
34. Rd1 Ke7 35. Ke3 Bc6 36. Bf3 Rb5 37. Rb1 Rb3 38. Bd1 Rxc3+ 39. Ke2 Bxe4 40.
Ra1 Bxg2 41. Na4 Rxh3 0-1

[Event "DVM U20 2003"]
[Site "Ditzingen GER"]
[Date "2003.12.30"]
[Round "7"]
[White "Nichelmann, Nils"]
[Black "Beeck, Alexander"]
[Result "1-0"]
[Termination "normal"]
[Board "6.5"]
[WhiteElo "2028"]
[BlackElo "1315"]
[WhiteTeam "SF Hettstedt"]
[BlackTeam "TSF Ditzingen"]
[PlyCount "39"]
[WhiteFideId "4687256"]
[EventCountry "GER"]
[EventRounds "7"]
[EventType "team-swiss"]
[EventDate "2003.12.26"]

1. e4 c5 2. Nc3 d6 3. g3 Nf6 4. Bg2 Nc6 5. Nge2 Bg4 6. f3 Bh5 7. Nf4 e5 8. d3
Nd4 9. Nxh5 Nxh5 10. Ne2 Nxe2 11. Qxe2 Nf6 12. f4 Qc7 13. O-O Be7 14. Be3 O-O
15. g4 Rae8 16. g5 Nd7 17. Rf3 g6 18. h4 b6 19. h5 gxh5 20. Rh3 1-0

[Event "DVM U20 2003"]
[Site "Ditzingen GER"]
[Date "2003.12.30"]
[Round "7"]
[White "Lembke, Philipp"]
[Black "Kunth, Andreas"]
[Result "0-1"]
[Termination "normal"]
[Board "6.6"]
[WhiteElo "1062"]
[BlackElo "1903"]
[WhiteTeam "TSF Ditzingen"]
[BlackTeam "SF Hettstedt"]
[PlyCount "32"]
[EventCountry "GER"]
[EventRounds "7"]
[EventType "team-swiss"]
[EventDate "2003.12.26"]

1. e4 c5 2. Nf3 Nc6 3. Bb5 d6 4. Nc3 e5 5. d3 Bd7 6. Nd5 h6 7. Be3 Nge7 8. Nxe7
Bxe7 9. c3 O-O 10. d4 cxd4 11. cxd4 Qa5+ 12. Qd2 Qxb5 13. dxe5 Nxe5 14. Nxe5
dxe5 15. Rd1 Bb4 16. Qxb4 Qxb4+ 0-1

[Event "DVM U20 2003"]
[Site "Ditzingen GER"]
[Date "2003.12.30"]
[Round "7"]
[White "Serbu, Eli"]
[Black "Litwak, Aleksej"]
[Result "1/2-1/2"]
[Termination "normal"]
[Board "7.1"]
[WhiteElo "2144"]
[BlackElo "2167"]
[WhiteTeam "SV SF Aachen-Hörn"]
[BlackTeam "SF Berghofen-Wambel"]
[PlyCount "44"]
[WhiteFideId "4690990"]
[BlackFideId "4677617"]
[EventCountry "GER"]
[EventRounds "7"]
[EventType "team-swiss"]
[EventDate "2003.12.26"]

1. e4 c5 2. c3 Nf6 3. e5 Nd5 4. d4 cxd4 5. cxd4 e6 6. Nc3 Nxc3 7. bxc3 Qc7 8.
Bd2 d6 9. f4 g5 10. Bd3 gxf4 11. Nf3 Nd7 12. O-O dxe5 13. dxe5 Bc5+ 14. Kh1 Be3
15. Bxe3 fxe3 16. Ng5 Nxe5 17. Nxf7 Nxf7 18. Bb5+ Bd7 19. Rxf7 Kxf7 20. Qh5+
Ke7 21. Qg5+ Ke8 22. Qh5+ Ke7 1/2-1/2

[Event "DVM U20 2003"]
[Site "Ditzingen GER"]
[Date "2003.12.30"]
[Round "7"]
[White "Mass, Elvira"]
[Black "Fadavian, Marius"]
[Result "0-1"]
[Termination "normal"]
[Board "7.2"]
[WhiteElo "1985"]
[BlackElo "2042"]
[WhiteTeam "SF Berghofen-Wambel"]
[BlackTeam "SV SF Aachen-Hörn"]
[PlyCount "36"]
[WhiteFideId "4695623"]
[BlackFideId "4686519"]
[EventCountry "GER"]
[EventRounds "7"]
[EventType "team-swiss"]
[EventDate "2003.12.26"]

1. e4 e6 2. d4 d5 3. e5 c5 4. c3 Nc6 5. Nf3 Bd7 6. a3 a5 7. a4 Qb6 8. Nbd2 cxd4
9. c4 Nb4 10. Nb3 dxc4 11. Nbxd4 Rc8 12. Be3 Nd5 13. Bd2 Bc5 14. Bc3 Nge7 15.
Qd2 Nxc3 16. bxc3 Nd5 17. Be2 Nxc3 18. O-O Bxd4 0-1

[Event "DVM U20 2003"]
[Site "Ditzingen GER"]
[Date "2003.12.30"]
[Round "7"]
[White "Probst, Patrick"]
[Black "Strathoff, Martin"]
[Result "1/2-1/2"]
[Termination "normal"]
[Board "7.3"]
[WhiteElo "1826"]
[BlackElo "1866"]
[WhiteTeam "SV SF Aachen-Hörn"]
[BlackTeam "SF Berghofen-Wambel"]
[PlyCount "48"]
[BlackFideId "24609560"]
[EventCountry "GER"]
[EventRounds "7"]
[EventType "team-swiss"]
[EventDate "2003.12.26"]

1. d4 d5 2. c4 e6 3. Nc3 Nf6 4. cxd5 exd5 5. Bg5 Be7 6. e3 O-O 7. Bd3 Nbd7 8.
Qf3 c5 9. Nge2 cxd4 10. exd4 h6 11. Bd2 Nb6 12. h3 Ne4 13. Nxe4 dxe4 14. Qxe4
f5 15. Qf3 Be6 16. Nf4 Bf7 17. Bxf5 Qxd4 18. Bc3 Bb4 19. O-O Bxc3 20. bxc3 Qd6
21. Bc2 Bc4 22. Qe4 Qxf4 23. Qh7+ Kf7 24. Qg6+ Kg8 1/2-1/2